| 000 | 00391nam a2200133Ia 4500 | ||
|---|---|---|---|
| 008 | 231129s9999||||xx |||||||||||||| ||spa|| | ||
| 020 | _a968-880-071-6 | ||
| 040 | _bspa | ||
| 082 | _a620.106 B544m | ||
| 100 | _aBertin John J. | ||
| 245 | 0 | _aMecanica de fluidos para ingenieros | |
| 264 | _aMéxico : Prentice-Hall Hispanoamericana | ||
| 942 |
_2ddc _cBKS |
||
| 999 |
_c20822 _d20822 |
||